| 000 | 01053nam a2200265 a 4500 | ||
|---|---|---|---|
| 001 | BRCA_986 | ||
| 005 | 20190320203231.0 | ||
| 008 | 011126s2000 fi-a---##b---#000-0#eng-# | ||
| 020 | _a9510253553 | ||
| 040 |
_aDLC _cDLC |
||
| 041 |
_aeng _hfin |
||
| 050 | 4 |
_aNK1471.F5 _b.T37 2000 |
|
| 245 | 1 | 0 |
_aTapio Wirkkala _beye, hand and thought _ceditor Marianne Aav ; photography Rauno Trñkelin ; translators Beth O´Brien ... [et al.] ; authors Marianne Aav ... [et al.]. |
| 260 |
_aHelsinki _bWSOY : Taideteollisuusmuseo _c2000 |
||
| 300 |
_a407 p. _bil. (algunas a color) _c27 cm. |
||
| 500 | _aCatálogo de la exposición realizada en el Museo de Arte y del Diseño (Helsinki), 25 agosto, 2000 - 14 enero, 2001 | ||
| 500 | _aIncluye índice alfabético | ||
| 504 | _aBibliografía: p. 398-399 | ||
| 600 | 1 | 4 |
_aWirkkala, Tapio _d1915- _vExposiciones _93252 |
| 650 | 1 | 4 |
_aDiseño _vExposiciones _xHistoria _ySiglo XX _zFinlandia _93253 |
| 700 | 1 |
_aAav, Marianne _93254 |
|
| 700 | 1 |
_aTrñkelin, Rauno _93255 |
|
| 700 | 1 |
_aO´Brien, Beth _93256 |
|
| 942 |
_2lcc _cB |
||
| 999 |
_c870 _d870 |
||